Values and work ethics / (Record no. 99163)

MARC details
000 -LEADER
fixed length control field 00869nam a22002657i 4500
005 - DATE AND TIME OF LATEST TRANSACTION
control field 20260323090653.0
008 - FIXED-LENGTH DATA ELEMENTS--GENERAL INFORMATION
fixed length control field 210621b ||||| |||| 00| 0 eng d
020 ## - INTERNATIONAL STANDARD BOOK NUMBER
International Standard Book Number 971420856
040 ## - CATALOGING SOURCE
Language of cataloging English
Description conventions rda
Transcribing agency URS
041 ## - LANGUAGE CODE
Language code of text/sound track or separate title English
050 ## - LIBRARY OF CONGRESS CALL NUMBER
Classification number HF5387
Item number .Ar78 2003
100 ## - MAIN ENTRY--PERSONAL NAME
9 (RLIN) 5609
Personal name Articulo, Archimedes C.,
Relator term author.
245 ## - TITLE STATEMENT
Title Values and work ethics /
Statement of responsibility, etc. Archimedes C. Articulo, Gloria G. Florendo.
264 #1 - PRODUCTION, PUBLICATION, DISTRIBUTION, MANUFACTURE, AND COPYRIGHT NOTICE
Place of production, publication, distribution, manufacture Bulacan :
Name of producer, publisher, distributor, manufacturer Trinitas Publishing, Incorporated,
Date of production, publication, distribution, manufacture, or copyright notice ©2003.
264 #4 - PRODUCTION, PUBLICATION, DISTRIBUTION, MANUFACTURE, AND COPYRIGHT NOTICE
Date of production, publication, distribution, manufacture, or copyright notice ©2003.
300 ## - PHYSICAL DESCRIPTION
Extent 330 pages :
Other physical details glossary, index, bibliography ;
Dimensions 26 cm.
336 ## - CONTENT TYPE
Content type term text
Content type code txt
Source rdacontent
337 ## - MEDIA TYPE
Media type term unmediated
Media type code n
Source rdamedia
338 ## - CARRIER TYPE
Carrier type term volume
Carrier type code nc
Source rdacarrier
650 #0 - SUBJECT ADDED ENTRY--TOPICAL TERM
Topical term or geographic name entry element Business ethics
650 #0 - SUBJECT ADDED ENTRY--TOPICAL TERM
Topical term or geographic name entry element Business enterprises
General subdivision Moral and ethical aspects
650 #0 - SUBJECT ADDED ENTRY--TOPICAL TERM
Topical term or geographic name entry element Values.
700 ## - ADDED ENTRY--PERSONAL NAME
Personal name Florendo, Gloria G.,
Relator term author.
942 ## - ADDED ENTRY ELEMENTS (KOHA)
Source of classification or shelving scheme Library of Congress Classification
Koha item type Filipiniana
Holdings
Withdrawn status Source of classification or shelving scheme Damaged status Not for loan Home library Current library Shelving location Date acquired Total Checkouts Full call number Barcode Date last seen Copy number Price effective from Koha item type
  Library of Congress Classification     Binangonan College Library Binangonan College Library Filipiniana Section 03/17/2026   FIL HF 5387 .Ar78 2003 URSBIN-F1954 03/17/2026 1 03/17/2026 Filipiniana
  Library of Congress Classification     Binangonan College Library Binangonan College Library Filipiniana Section 03/17/2026   FIL HF 5387 .Ar78 2003 c.2 URSBIN-F1946 03/17/2026 2 03/17/2026 Filipiniana
  Library of Congress Classification     Binangonan College Library Binangonan College Library Filipiniana Section 03/17/2026   FIL HF 5387 .Ar78 2003 c.3 URSBIN-F1952 03/17/2026 3 03/17/2026 Filipiniana
  Library of Congress Classification     Binangonan College Library Binangonan College Library Filipiniana Section 03/17/2026   FIL HF 5387 .Ar78 2003 c.4 URSBIN-F1093 03/17/2026 4 03/17/2026 Filipiniana
  Library of Congress Classification     Binangonan College Library Binangonan College Library Filipiniana Section 03/17/2026   FIL HF 5387 .Ar78 2003 c.5 URSBIN-F1953 03/17/2026 5 03/17/2026 Filipiniana
  Library of Congress Classification     Binangonan College Library Binangonan College Library Filipiniana Section 03/17/2026   FIL HF 5387 .Ar78 2003 c.6 URSBIN-F1095 03/17/2026 6 03/17/2026 Filipiniana
  Library of Congress Classification     Binangonan College Library Binangonan College Library Filipiniana Section 03/18/2026   FIL HF 5387 .Ar78 2003 c.7 URSBIN-F1094 03/18/2026 7 03/18/2026 Filipiniana
  Library of Congress Classification     Binangonan College Library Binangonan College Library Filipiniana Section 03/18/2026   FIL HF 5387 .Ar78 2003 c. 16 URSBIN-F1301 03/18/2026 16 03/18/2026 Filipiniana
  Library of Congress Classification     Binangonan College Library Binangonan College Library Filipiniana Section 03/18/2026   FIL HF 5387 .Ar78 2003 c.15 URSBIN-F1950 03/18/2026 15 03/18/2026 Filipiniana
  Library of Congress Classification     Binangonan College Library Binangonan College Library Filipiniana Section 03/18/2026   FIL HF 5387 .Ar78 2003 c.14 URSBIN-F1951 03/18/2026 14 03/18/2026 Filipiniana
  Library of Congress Classification     Binangonan College Library Binangonan College Library Filipiniana Section 03/18/2026   FIL HF 5387 .Ar78 2003 c.13 URSBIN-F1949 03/18/2026 13 03/18/2026 Filipiniana
  Library of Congress Classification     Binangonan College Library Binangonan College Library Filipiniana Section 03/18/2026   FIL HF 5387 .Ar78 2003 c.12 URSBIN-F1303 03/18/2026 12 03/18/2026 Filipiniana
  Library of Congress Classification     Binangonan College Library Binangonan College Library Filipiniana Section 03/18/2026   FIL HF 5387 .Ar78 2003 c.11 URSBIN-F1096 03/18/2026 11 03/18/2026 Filipiniana
  Library of Congress Classification     Binangonan College Library Binangonan College Library Filipiniana Section 03/18/2026   FIL HF 5387 .Ar78 2003 c.10 URSBIN-F1048 03/18/2026 10 03/18/2026 Filipiniana
  Library of Congress Classification     Binangonan College Library Binangonan College Library Filipiniana Section 03/18/2026   FIL HF 5387 .Ar78 2003 c.9 URSBIN-F1947 03/18/2026 9 03/18/2026 Filipiniana
  Library of Congress Classification     Binangonan College Library Binangonan College Library Filipiniana Section 03/18/2026   FIL HF 5387 .Ar78 2003 c.8 URSBIN-F1304 03/18/2026 8 03/18/2026 Filipiniana
  Library of Congress Classification     Binangonan College Library Binangonan College Library   03/18/2026   HF5387 .Ar78 2003 URSBIN-F1948 03/18/2026   03/18/2026 Filipiniana

University of Rizal System
Email us at univlibservices@urs.edu.ph

Visit our Website www.urs.edu.ph/library